A guide to the rock art of the Matopo hills, Zimbabwe (Record no. 66942)
[ view plain ]
| 000 -LEADER | |
|---|---|
| fixed length control field | 00456nam a2200193Ia 4500 |
| 003 - CONTROL NUMBER IDENTIFIER | |
| control field | 0100 |
| 005 - DATE AND TIME OF LATEST TRANSACTION | |
| control field | 20190129101808.0 |
| 008 - FIXED-LENGTH DATA ELEMENTS--GENERAL INFORMATION | |
| fixed length control field | 130303s9999 xx 000 0 und d |
| 040 ## - CATALOGING SOURCE | |
| Transcribing agency | ARRUPELIB |
| 050 ## - LIBRARY OF CONGRESS CALL NUMBER | |
| Classification number | SPC. GN865.Z55 |
| Item number | P37 2002 |
| 300 ## - PHYSICAL DESCRIPTION | |
| Dimensions | 23cm. |
| 100 ## - MAIN ENTRY--PERSONAL NAME | |
| Personal name | Parry, Elspeth |
| 9 (RLIN) | 44228 |
| 245 #2 - TITLE STATEMENT | |
| Title | A guide to the rock art of the Matopo hills, Zimbabwe |
| Statement of responsibility, etc | Elspeth Parry |
| 260 ## - PUBLICATION, DISTRIBUTION, ETC. (IMPRINT) | |
| Place of publication, distribution, etc | Bulawayo |
| Name of publisher, distributor, etc | Amabooks |
| Date of publication, distribution, etc | 2002 |
| 300 ## - PHYSICAL DESCRIPTION | |
| Extent | 52p. ; |
| 650 ## - SUBJECT ADDED ENTRY--TOPICAL TERM | |
| Topical term following geographic name as entry element | Rock paintings |
| General subdivision | Guide Books |
| Geographic subdivision | Zimbabwe |
| -- | Matopo Hills |
| 9 (RLIN) | 44229 |
| 650 ## - SUBJECT ADDED ENTRY--TOPICAL TERM | |
| Topical term following geographic name as entry element | Art, Zimbabwe |
| General subdivision | Guide Books |
| 9 (RLIN) | 44230 |
| 651 ## - SUBJECT ADDED ENTRY--GEOGRAPHIC NAME | |
| Geographic name | Matopo Hills (Zimbabwe) |
| General subdivision | Antiquities |
| -- | Guide Books |
| 9 (RLIN) | 44231 |
| 942 ## - ADDED ENTRY ELEMENTS (KOHA) | |
| Source of classification or shelving scheme | Library of Congress Classification |
| Koha item type | SPC |
| Withdrawn status | Lost status | Source of classification or shelving scheme | Damaged status | Not for loan | Collection code | Home library | Current library | Shelving location | Date acquired | Total Checkouts | Full call number | Barcode | Date last seen | Copy number | Price effective from | Koha item type |
|---|---|---|---|---|---|---|---|---|---|---|---|---|---|---|---|---|
| Library of Congress Classification | Main Collection | ARRUPE LIBRARY | ARRUPE LIBRARY | Main Collection | 05/03/2013 | N5310.5.Z55 P24 2002 | 46003091228 | 03/07/2018 | 1 | 05/03/2013 | Monograph ( Printed materials) | |||||
| Library of Congress Classification | SPECIAL Collection | ARRUPE LIBRARY | ARRUPE LIBRARY | REFERENCE | 29/01/2019 | SPC. GN865.Z55 P37 2002 | 46600003501 | 29/01/2019 | 29/01/2019 | SPC |